| 000 | 01033cab a22001935a 4500 | ||
|---|---|---|---|
| 001 | L153898 | ||
| 008 | 110919s2011 xxk 000 0 eng d | ||
| 035 | _a(Sirsi) u153898 | ||
| 041 | 0 | _aeng | |
| 100 | 1 | _aGottlieb, Julius | |
| 245 | 0 | 0 | _aGold, gilts and ground rents |
| 260 | _c2011 | ||
| 490 | 0 |
_aSustainablebuilding inc Propertyforecast _v(56) August 2011, 15(1) |
|
| 520 | _aGround rent portfolios with their predictable long-term cash flow are beginning to make inroads into the UK investment market. Income of 5% from residential ground rents is looking increasingly attractive compared to yields on 10-year gilts which have recently fallen below 2.5% and interest on most bank deposits sitting below 0.5%. Outlines what a ground rent is and gives brief notes on the ground rent market and the main companies involved. Recommends the sector to institutional investors. | ||
| 590 | _aKA | ||
| 651 | 4 |
_aUnited Kingdom _y |
|
| 690 | _aPROPERTY-RESIDENTIAL PROPERTY-RESIDENTIAL PROPERTY FINANCE AND INVESTMENT | ||
| 942 | _n0 | ||
| 999 |
_c83412 _d83412 |
||